[Event "Challengers Cup 2018"]
[Site "?"]
[Date "2018.10.27"]
[Round "?"]
[White "Braxton, Casey"]
[Black "Viktors, Pupols"]
[Result "0-1"]
[WhiteElo "1861"]
[BlackElo "2200"]
[PlyCount "73"]

1. c4 e5 2. Nc3 Nc6 3. Nf3 g6 4. g3 Bg7 5. Bg2 Nf6 6. O-O O-O 7. d4 d6 8. d5
Ne7 9. e4 Bg4 10. h3 Bxf3 11. Qxf3 Nd7 12. Qe2 f5 13. f4 fxe4 14. Nxe4 Nf5 15.
Kh2 Nd4 16. Qd1 Nc5 17. Be3 Nf5 18. Bf2 Nxe4 19. Bxe4 exf4 20. gxf4 Qf6 21.
Bxf5 Qxf5 22. Bg3 Rae8 23. Qd2 Qe4 24. Rae1 Qxc4 25. b3 Qd4 26. Qa5 Qb6 27. Qd2
Qb5 28. Qg2 Qd7 29. Qf2 c5 30. dxc6 bxc6 31. Rxe8 Rxe8 32. Qc2 Bf8 33. Rc1 c5
34. Rd1 Qc8 35. b4 Qf5 36. Qc4+ Kg7 37. Re1 0-1

[Event "Challengers Cup 2018"]
[Site "?"]
[Date "2018.10.28"]
[Round "4"]
[White "Viktors, Pupols"]
[Black "AARYAN, DESHPANDE."]
[Result "1-0"]
[WhiteElo "2200"]
[BlackElo "2096"]
[PlyCount "81"]

1. d4 Nf6 2. c4 g6 3. Nc3 Bg7 4. e4 d6 5. Nf3 O-O 6. Be2 e5 7. O-O Nc6 8. dxe5
dxe5 9. Bg5 Qxd1 10. Rfxd1 Bg4 11. Kf1 Bxf3 12. Bxf3 Nd4 13. Nd5 Nxd5 14. cxd5
h6 15. Be7 Rfe8 16. Bc5 b6 17. Bxd4 exd4 18. Rac1 Be5 19. Rc4 Re7 20. g3 Rf8
21. Kg2 f5 22. Rd2 f4 23. g4 h5 24. h3 Ref7 25. Rc6 Bf6 26. Rxf6 Rxf6 27. gxh5
c5 28. dxc6 Rxc6 29. hxg6 Rxg6+ 30. Bg4 Kg7 31. Kf3 Rc6 32. Ke2 Kf6 33. Kd3 Ke7
34. Rc2 Rxc2 35. Kxc2 Kd6 36. Kd3 Kc5 37. h4 a6 38. h5 b5 39. h6 b4 40. b3 Rf6
41. h7 1-0